Everywhere, Everything - Noah Kahan (All Lyrics) - Statistics

General Stats
  • This quiz has been taken 110 times
    100 since last reset
  • The average score is 237 of 270
Answer Stats
Lyrics % Correct
I
100%
every
98%
everything,
98%
Everywhere,
98%
fingers
98%
hand
98%
in
98%
love
98%
my
98%
our
98%
'Til
98%
we
98%
We
98%
where
98%
you
98%
yours
98%
a
96%
decompose,
96%
the
96%
eat
94%
for
94%
keep
94%
to
94%
we're
94%
food
92%
worms
92%
know
90%
And
88%
and
88%
it
88%
that
88%
wanna
88%
been
85%
didn't
85%
oh,
85%
oh
85%
slow
85%
tell
85%
all
83%
collapsing
83%
It's
83%
long
83%
not
83%
of
83%
was
83%
county
81%
cried
81%
Drive
81%
I'll
81%
sun
81%
Then
81%
this
81%
year
81%
bad
79%
buildings
79%
crashing
79%
Maybe
79%
speed
79%
such
79%
survive
79%
thing
79%
Would
79%
ain't
77%
book's
77%
came
77%
horror
77%
movie?
77%
seas
77%
slowly,
77%
too
77%
dog-eared
75%
on
75%
route
75%
bodies
73%
everyone
71%
Ooh
71%
ooh,
71%
ooh
71%
pages
71%
rose
71%
doubt
69%
forget
69%
meet
69%
moving
69%
read
69%
trust
69%
write
69%
from
67%
palms
67%
Two
67%
backseat
65%
dirty
65%
out
65%
pre-teens
65%
scars
65%
with
65%
car's
63%
ends
63%
dear
60%
riddled
60%
at
58%
Intertwine
58%
screen
58%
We'll
56%
stare
54%
drive-in
46%
No matching quizzes found
Score Distribution
Percent of People with Each Score
Percentile by Number Answered
Your Score History
You have not taken this quiz since the last reset